| 000 | 01511nam a2200421 i 4500 | ||
|---|---|---|---|
| 001 | 20073 | ||
| 003 | KOSZ 005 | ||
| 005 | 20200520144128.0 | ||
| 008 | 991116s1981 pl a f f |000 0 pol | ||
| 015 | _aPB 1982/2465 | ||
| 040 |
_aWA N _cWA N _dKOSZ 005/HR |
||
| 041 | 0 | _apol | |
| 046 | _k1981 | ||
| 080 | _a621.791/.795 | ||
| 080 | _a624.9 | ||
| 080 | _a(075.8+076) | ||
| 100 | 1 |
_aSłużalec, Adolf _d(1927-2003) _eAutor |
|
| 245 | 1 | 0 |
_aProjektowanie i technologia konstrukcji spajanych : _bćwiczenia laboratoryjne / _cAdolf Służalec, Irena Knap ; Politechnika Częstochowska, Instytut Obróbki Plastycznej i Spawalnictwa. |
| 260 |
_aCzęstochowa : _bPC, _c1981. |
||
| 300 |
_a172 s. : _bil. tab. wykr. ; _c24 cm. |
||
| 336 |
_2rdacontent _aTekst _btxt |
||
| 337 |
_2rdamedia _aBez urządzenia pośredniczącego _bn |
||
| 338 |
_2rdacarrier _aWolumin _bnc |
||
| 380 | _aKsiążki | ||
| 380 | _aPublikacje dydaktyczne | ||
| 388 | _a1901-2000 | ||
| 388 | _a1945-1989 | ||
| 490 | 1 | _aSkrypt Uczelniany / Politechnika Częstochowska. | |
| 504 | _aBibliogr. s. 172. | ||
| 650 | 4 | _aKonstrukcje metalowe | |
| 650 | 4 | _aSpawalnictwo | |
| 655 | 4 | _aĆwiczenia laboratoryjne dla szkół wyższych | |
| 658 | _aInżynieria i technika | ||
| 700 | 1 |
_aKnap, Irena _eAutor |
|
| 830 | 0 | _aSkrypt Uczelniany - Politechnika Częstochowska. | |
| 856 |
_uhttp://koha.tu.koszalin.pl/cgi-bin/koha/opac-detail.pl?biblionumber=20073 _yKatalog online BPK |
||
| 942 |
_2UKD _cKS |
||
| 999 |
_c20073 _d20073 |
||